| 000 | 00952nam a22002775a 4500 | ||
|---|---|---|---|
| 999 |
_c27543 _d27514 |
||
| 003 | EG-ScBUE | ||
| 005 | 20190618110908.0 | ||
| 008 | 190618s2018 ua gr 000 0 ara d | ||
| 017 | _a2017 / 27148 | ||
| 040 |
_aEG-ScBUE _bara _cEG-ScBUE _dEG-ScBUE |
||
| 082 | 0 | 4 |
_a297.27 _bج م ع _222 |
| 100 | 1 | _aجمعة، محمد مختار. | |
| 245 | 1 | 0 |
_aداعش والإخوان / _cإعداد محمد مختار جمعة. |
| 250 | _aط. 2. | ||
| 260 |
_aالقاهرة : _bوزارة الأوقاف، _c2018. |
||
| 300 |
_a95 ص. ؛ _c24 سم. |
||
| 541 |
_aMr. Farid Khamis ; _cDonation ; |
||
| 610 | 2 | 7 |
_aالإخوان المسلمون (مصر). _2BUEsh |
| 610 | 2 | 7 |
_aداعش (منظمة). _2BUEsh _98591 |
| 650 | 7 |
_aالإرهاب _xجوانب دينية. _2BUEsh _933410 |
|
| 650 | 7 |
_aالتطرف. _2BUEsh |
|
| 650 | 7 |
_aالحركات الإسلامية. _2BUEsh |
|
| 651 | _2BUEsh | ||
| 653 |
_bGGEN _bBUSBOL _cJune2019 |
||
| 942 | _2ddc | ||